Κατάλογος Βιβλιοθηκών Mediterranean College

Νεότερη Ιστορία / Ελληνική και Ευρωπαϊκη (Record no. 2028)

MARC details
000 -LEADER
fixed length control field 01849cam a22002054a 4500
005 - ΗΜΕΡΟΜΗΝΙΑ ΚΑΙ ΩΡΑ ΤΕΛΕΥΤΑΙΑΣ ΕΝΗΜΕΡΩΣΗΣ
Πεδίο ελέγχου 20250605164028.0
008 - FIXED-LENGTH DATA ELEMENTS--GENERAL INFORMATION
Πεδίο ελέγχου σταθερού μήκους 250528s ||||||||||||||||||||||||d
035 ## - SYSTEM CONTROL NUMBER
System control number 16535
020 ## - ISBN
ISBN 9602353015
040 ## - ΠΗΓΗ ΚΑΤΑΛΟΓΟΓΡΑΦΗΣΗΣ
Φορέας πρωτότυπης καταλογογράφησης MC Athens Campus Library
Γλώσσα καταλογογράφησης Ελληνικά, Μοντέρνα (1453-)
Modifying agency MC Athens Campus Library
Κανόνες περιγραφικής καταλογογράφησης AACR2
245 1# - ΤΙΤΛΟΣ ΚΑΙ ΔΗΛΩΣΗ ΥΠΕΥΘΥΝΟΤΗΤΑΣ
Τίτλος Νεότερη Ιστορία / Ελληνική και Ευρωπαϊκη
250 ## - EDITION STATEMENT
Edition statement
260 ## - PUBLICATION, DISTRIBUTION, ETC.
Name of publisher, distributor, etc. Γνώση,
Date of publication, distribution, etc. 1990
300 ## - PHYSICAL DESCRIPTION
Extent 280
520 ## - SUMMARY, ETC.
Summary, etc. Μία δομική, ερμηνευτική προσέγγιση των ιστορικών φαινομένων και συνολικής σύλληψης της ιστορικής εξέλιξης. Πρόλογος, Περιεχόμενα, Η Ευρώπη Κέντρο του Κόσμου: Η Εξάπλωση, Αναζητήσεις και Αναγέννηση: Ο Άνθρωπος, Κατεστημένα και Κατάρρευση: Οι Μεταρρυθμίσεις, Στο 17ο Αιώνα: Αντιπαραθέσεις και Διευκρινίσεις, Η Αμερικάνικη Επανάσταση και τα Πρώτα Βήματα των ΗΠΑ, Η Επιστημή και η Τέχνη στο 18ο Αιώνα, Ο Διαφωτισμός και η Γαλλική Επανάσταση, Η Τουρκοκρατία στην Ελλάδα, Ο Αγώνας της Ανεξαρτησίας, Η Ελλάδα στο 19ο Αιώνα: Κοινωνία και Πολιτεία (1828-1909), Βιομηχανική Επανάσταση: Οικονομικές και Κοινωνικές Επιπτώσεις στο 19ο Αιώνα, Η Ελληνική Κοινωνία και Πολιτεία από το 1910 έως το 1935, Η Ελλάδα των Κρίσεων και των Αναζητήσεων (1936-1982).
700 1# - ΠΡΟΣΘΕΤΗ ΑΝΑΓΡΑΦΗ--ΦΥΣΙΚΟ ΠΡΟΣΩΠΟ
Personal name Κρεμμυδάς Βασίλης
9 (RLIN) 2633
942 ## - ADDED ENTRY ELEMENTS (KOHA)
Koha item type Books
Holdings
Τύπος τεκμηρίου Βιβλιοθήκη Τρέχουσα τοποθεσία Barcode Αριθμός εισαγωγής Ημερομηνία απόκτησης Ταξιθετικό σύμβολο Αριθμός αντιτύπου Κατάσταση απόσυρσης Κατάσταση χαμένου Κατάσταση κατεστραμμένου Μη δανεισμός Σύνολο δανεισμών Ημερομηνία τελευταίας εμφάνισης Η τιμή ισχύει από
Books MC Athens Campus Library MC Athens Campus Library 9780000020277 4239 05/06/2025 940.2 KRE 1           05/06/2025 05/06/2025

MC Athens Campus Library
Πατησίων 94 & Κοδριγκτώνος 13, 104 34
Πελλήνης 8 & Πατησίων 107, 112 51
Τ: +30 210 8899600

MC Thessaloniki Campus Library
Ίωνος Δραγούμη 21, 54625 | Ίωνος Δραγούμη 15, 54625
Τ: +30 2310 287779 – Τ: +30 2314 440300